I Want to be in Medicine/ (Record no. 2671)
[ view plain ]
| 000 -LEADER | |
|---|---|
| fixed length control field | 00422nam a22001337a 4500 |
| 005 - DATE AND TIME OF LATEST TRANSACTION | |
| control field | 20250118141355.0 |
| 008 - FIXED-LENGTH DATA ELEMENTS--GENERAL INFORMATION | |
| fixed length control field | 250118b |||||||| |||| 00| 0 eng d |
| 020 ## - INTERNATIONAL STANDARD BOOK NUMBER | |
| International Standard Book Number | 9788125918585 |
| 050 ## - LIBRARY OF CONGRESS CALL NUMBER | |
| Classification number | R690 MED |
| 245 ## - TITLE STATEMENT | |
| Title | I Want to be in Medicine/ |
| Remainder of title | experiences, facts and directions for school and college goers |
| 260 ## - PUBLICATION, DISTRIBUTION, ETC. | |
| Place of publication, distribution, etc. | Jangpura, New Delhi |
| Name of publisher, distributor, etc. | Vikas Publishing House |
| Date of publication, distribution, etc. | 2005 |
| 300 ## - PHYSICAL DESCRIPTION | |
| Extent | 73p. |
| Other physical details | ill. |
| Dimensions | 21cm |
| 942 ## - ADDED ENTRY ELEMENTS (KOHA) | |
| Source of classification or shelving scheme | Library of Congress Classification |
| Koha item type | Books |
| Suppress in OPAC | No |
| 999 ## - | |
| -- | 2671 |
| -- | 2671 |
| Withdrawn status | Lost status | Source of classification or shelving scheme | Damaged status | Not for loan | Collection | Home library | Current library | Shelving location | Date acquired | Total checkouts | Full call number | Barcode | Date last seen | Copy number | Price effective from | Koha item type |
|---|---|---|---|---|---|---|---|---|---|---|---|---|---|---|---|---|
| Library of Congress Classification | Non-fiction | Science Library (Miotso) | Science Library (Miotso) | General stacks | 01/18/2025 | R690 MED | SLM00002013 | 01/18/2025 | 1 | 01/18/2025 | Books | |||||
| Library of Congress Classification | Non-fiction | Science Library (Miotso) | Science Library (Miotso) | General stacks | 01/18/2025 | R690 MED | SLM00002014 | 01/18/2025 | 2 | 01/18/2025 | Books |